[Event "7. Lovsprings EMT Mesterklassen 1995"]
[Site "Ringsted"]
[Date "1995.03.10"]
[Round "1"]
[White "Arnkilde, Anders"]
[Black "Madsen, Morten"]
[Result "1-0"]
[WhiteElo "1996"]
[BlackElo "1919"]
[PlyCount "89"]
[EventDate "1995.??.??"]

1. Nf3 c5 2. g3 d5 3. Bg2 Nc6 4. d4 Nf6 5. O-O h6 6. c4 dxc4 7. Na3 Be6 8. Qa4
Bd5 9. dxc5 e6 10. Nxc4 Bxc5 11. Be3 Bxe3 12. Nxe3 O-O 13. Rfd1 Qb6 14. Nxd5
Nxd5 15. Nd4 Rab8 16. Bxd5 exd5 17. b3 Rfe8 18. e3 Re4 19. Rac1 Rbe8 20. Rc3 h5
21. Rcd3 a6 22. Qa3 Ne5 23. R3d2 h4 24. Kg2 Qf6 25. Qc5 h3+ 26. Kxh3 Nf3 27.
Nxf3 Qxf3 28. Rxd5 R8e6 29. Rd8+ Kh7 30. R8d6 f5 31. R1d4 Rxd4 32. Qxd4 Re4 33.
Qd1 Qxd1 34. Rxd1 a5 35. Rd5 a4 36. bxa4 Rxa4 37. Rxf5 Rxa2 38. Rb5 Rxf2 39.
Rxb7 Re2 40. Rb3 Kg6 41. g4 Re1 42. Kg3 Rg1+ 43. Kf3 Rf1+ 44. Kg2 Rf6 45. h4
1-0

[Event "7. Lovsprings EMT Mesterklassen 1995"]
[Site "Ringsted"]
[Date "1995.03.10"]
[Round "1"]
[White "Buhl, Poul"]
[Black "Pedersen, Henrik Dahl"]
[Result "1/2-1/2"]
[WhiteElo "1987"]
[BlackElo "1918"]
[PlyCount "68"]
[EventDate "1995.??.??"]

1. c4 e5 2. Nc3 Nf6 3. g3 d5 4. cxd5 Nxd5 5. Bg2 Nb6 6. Nf3 Nc6 7. O-O Be7 8.
d3 O-O 9. Bd2 Be6 10. Qc1 f6 11. Ne4 Qd7 12. Nc5 Bxc5 13. Qxc5 Bh3 14. Rfc1
Bxg2 15. Kxg2 Rac8 16. b4 Nd4 17. Nxd4 exd4 18. a4 Rfe8 19. Qh5 Re5 20. Qf3 c6
21. Bf4 Re6 22. Rc5 Nd5 23. Bd2 Rce8 24. Re1 Re5 25. g4 Qe7 26. Kf1 Qd6 27. a5
Nc3 28. Bxc3 dxc3 29. Qf4 g5 30. Qc4+ Kg7 31. Qxc3 Rxc5 32. Qxc5 Qxh2 33. f3
Qh3+ 34. Kg1 Qg3+ 1/2-1/2

[Event "7. Lovsprings EMT Mesterklassen 1995"]
[Site "Ringsted"]
[Date "1995.03.10"]
[Round "1"]
[White "Christensen, Lars (1957)"]
[Black "Nielsen, Per Henrik Axel"]
[Result "1/2-1/2"]
[WhiteElo "2059"]
[BlackElo "1927"]
[PlyCount "94"]
[EventDate "1995.??.??"]

1. e4 c6 2. d4 d5 3. exd5 cxd5 4. c3 Bf5 5. Qb3 Qd7 6. Nf3 Nc6 7. Bf4 a6 8. Qb6
e6 9. Na3 Be7 10. Ne5 Nxe5 11. Bxe5 Nf6 12. Nb5 O-O 13. Nc7 Bd8 14. Qxb7 Rc8
15. Bxa6 Bxc7 16. Bb5 Qd8 17. Ba6 Qd7 18. Bb5 Qe7 19. a4 Ne8 20. Qxc8 Bxe5 21.
dxe5 Qg5 22. O-O Bh3 23. g3 Nd6 24. Qxf8+ Kxf8 25. exd6 Bxf1 26. f4 Qd8 27.
Kxf1 Qxd6 28. b4 d4 29. Rd1 Qd5 30. Rxd4 Qf3+ 31. Kg1 Qxc3 32. Re4 Qc1+ 33. Kf2
Qh1 34. Ke3 Qxh2 35. a5 Qxg3+ 36. Kd2 Qg2+ 37. Ke3 Qg1+ 38. Kf3 Qh1+ 39. Ke3
Qg1+ 40. Kd2 Qg2+ 41. Re2 Qf3 42. a6 Qxf4+ 43. Kc3 Qc1+ 44. Kb3 Qb1+ 45. Kc3
Qc1+ 46. Rc2 Qa1+ 47. Kb3 Qb1+ 1/2-1/2

[Event "7. Lovsprings EMT Mesterklassen 1995"]
[Site "Ringsted"]
[Date "1995.03.10"]
[Round "1"]
[White "Madsen, Hans Henrik"]
[Black "Lynge, Michael"]
[Result "1/2-1/2"]
[WhiteElo "2079"]
[BlackElo "2095"]
[PlyCount "33"]
[EventDate "1995.??.??"]

1. d4 d5 2. c4 e6 3. Nc3 Nf6 4. cxd5 exd5 5. Bg5 Be7 6. Qc2 c6 7. e3 Nbd7 8.
Bd3 Nf8 9. Nf3 Ne6 10. Bxf6 Bxf6 11. O-O g6 12. b4 O-O 13. Rab1 b6 14. Rfc1 Bb7
15. Qe2 Rc8 16. Ba6 Qe7 17. Na4 1/2-1/2

[Event "7. Lovsprings EMT Mesterklassen 1995"]
[Site "Ringsted"]
[Date "1995.03.10"]
[Round "1"]
[White "Pedersen, Hans Dahl"]
[Black "Nielsen, Max"]
[Result "1/2-1/2"]
[WhiteElo "2165"]
[BlackElo "2143"]
[PlyCount "140"]
[EventDate "1995.??.??"]

1. Nf3 Nf6 2. g3 g6 3. b4 Bg7 4. Bb2 O-O 5. Bg2 d6 6. O-O e5 7. d3 Nc6 8. b5
Ne7 9. c4 h6 10. Nbd2 Be6 11. Qc2 Qd7 12. Rfe1 Bh3 13. Bh1 Ng4 14. d4 f5 15.
dxe5 dxe5 16. Rad1 Qe8 17. e4 f4 18. Bg2 Bxg2 19. Kxg2 fxg3 20. fxg3 c6 21. a4
g5 22. h3 Nf6 23. Nxe5 Ng6 24. Ndf3 h5 25. Nxg6 Qxg6 26. Ne5 Qe8 27. Qc1 cxb5
28. axb5 Nh7 29. Nf3 Qf7 30. Rf1 Bxb2 31. Qxb2 Qe6 32. Qe5 Qxe5 33. Nxe5 Rae8
34. Rxf8+ Nxf8 35. Rd5 Nh7 36. Nf3 g4 37. Nd2 Nf6 38. Rg5+ Kf7 39. e5 Rd8 40.
Nf1 gxh3+ 41. Kxh3 Nh7 42. Rxh5 Kg6 43. Rh4 Re8 44. Ne3 Rxe5 45. Nd5 Re1 46.
Kg4 Nf8 47. Nf4+ Kf7 48. Rh5 b6 49. Rf5+ Ke8 50. Nd5 Ne6 51. Rf6 Nf8 52. Kf5
Rf1+ 53. Nf4 Nd7 54. Rc6 Nc5 55. Rc7 Rf3 56. Rg7 a6 57. bxa6 Nxa6 58. Ke4 Rb3
59. g4 Rb4 60. Kd5 b5 61. cxb5 Rxb5+ 62. Ke6 Rb6+ 63. Ke5 Kf8 64. Ra7 Nb4 65.
Ne6+ Ke8 66. Kf5 Nd5 67. g5 Ne7+ 68. Kf6 Nd5+ 69. Ke5 Ne7 70. Nc7+ Kf8 1/2-1/2

[Event "7. Lovsprings EMT Mesterklassen 1995"]
[Site "Ringsted"]
[Date "1995.03.10"]
[Round "1"]
[White "Preuss, Flemming"]
[Black "Nordenbaek, Jan"]
[Result "0-1"]
[WhiteElo "2044"]
[BlackElo "2203"]
[PlyCount "84"]
[EventDate "1995.??.??"]

1. f4 d5 2. Nf3 Nf6 3. g3 g6 4. Bg2 Bg7 5. d3 O-O 6. O-O c5 7. Nc3 Nc6 8. e4 b6
9. e5 Ne8 10. Bd2 Nc7 11. Qe1 f6 12. exf6 exf6 13. Qf2 d4 14. Ne4 f5 15. Neg5
h6 16. Nh3 Nd5 17. Rfe1 Rb8 18. Kh1 Qd6 19. Rac1 Be6 20. a3 Qd7 21. Nhg1 Rbe8
22. Re2 Ne3 23. c4 Bf7 24. Rce1 Nxg2 25. Kxg2 Rxe2 26. Rxe2 Qb7 27. a4 a6 28.
b3 b5 29. axb5 axb5 30. Kh3 Ra8 31. Be1 Ra3 32. Rb2 b4 33. Nd2 Qd7 34. Kg2 g5
35. Ne2 Bh5 36. h4 gxh4 37. gxh4 Kh7 38. Nf3 Bf6 39. Qg3 Ra8 40. Kh2 Rg8 41.
Ng5+ hxg5 42. hxg5 Bg7 0-1

[Event "7. Lovsprings EMT Mesterklassen 1995"]
[Site "Ringsted"]
[Date "1995.03.10"]
[Round "1"]
[White "Rasmussen, Per Arnt"]
[Black "Hald, Jens Erik"]
[Result "0-1"]
[WhiteElo "2014"]
[BlackElo "2068"]
[PlyCount "32"]
[EventDate "1995.??.??"]

1. e4 c5 2. d4 cxd4 3. c3 dxc3 4. Nxc3 Nc6 5. Nf3 e6 6. Bc4 Nge7 7. Bg5 a6 8.
e5 Qa5 9. O-O Ng6 10. Re1 Ngxe5 11. Nxe5 Nxe5 12. Bd5 Ng6 13. h4 Be7 14. h5
Bxg5 15. hxg6 hxg6 16. Ne4 Be7 0-1

[Event "7. Lovsprings EMT Mesterklassen 1995"]
[Site "Ringsted"]
[Date "1995.03.17"]
[Round "2"]
[White "Hald, Jens Erik"]
[Black "Nordenbaek, Jan"]
[Result "1/2-1/2"]
[WhiteElo "2068"]
[BlackElo "2203"]
[PlyCount "21"]
[EventDate "1995.??.??"]

1. d4 Nf6 2. c4 g6 3. Nc3 Bg7 4. e4 d6 5. Be2 O-O 6. Nf3 e5 7. dxe5 dxe5 8.
Qxd8 Rxd8 9. Nd5 Nxd5 10. cxd5 c6 11. Bc4 1/2-1/2

[Event "7. Lovsprings EMT Mesterklassen 1995"]
[Site "Ringsted"]
[Date "1995.03.17"]
[Round "2"]
[White "Lynge, Michael"]
[Black "Pedersen, Hans Dahl"]
[Result "1-0"]
[WhiteElo "2095"]
[BlackElo "2165"]
[PlyCount "71"]
[EventDate "1995.??.??"]

1. d4 Nf6 2. c4 e6 3. Nc3 Bb4 4. Qc2 c5 5. e3 O-O 6. a3 Bxc3+ 7. Qxc3 b6 8. Bd3
Bb7 9. f3 d5 10. dxc5 bxc5 11. Ne2 Nbd7 12. O-O Qc7 13. b3 a5 14. Bb2 a4 15.
cxd5 exd5 16. bxa4 Rfc8 17. Bf5 Rxa4 18. Ng3 Rc4 19. Qd3 Re8 20. Rfc1 Ne5 21.
Qd2 Rh4 22. Bd3 Bc8 23. Be2 Qe7 24. a4 Rh6 25. a5 Nc6 26. a6 Na7 27. Ba3 Nh5
28. Bxc5 Qh4 29. Bxa7 Nf6 30. Nf1 Rg6 31. Bd3 Rg5 32. Qf2 Qh6 33. Bd4 Rh5 34.
a7 Bb7 35. Rc7 Ba8 36. Rac1 1-0

[Event "7. Lovsprings EMT Mesterklassen 1995"]
[Site "Ringsted"]
[Date "1995.03.17"]
[Round "2"]
[White "Madsen, Morten"]
[Black "Rasmussen, Per Arnt"]
[Result "1-0"]
[WhiteElo "1919"]
[BlackElo "2014"]
[PlyCount "53"]
[EventDate "1995.??.??"]

1. e4 c5 2. c3 d5 3. e5 Nc6 4. d4 Bf5 5. Nf3 e6 6. Be2 Qb6 7. O-O Rc8 8. dxc5
Bxc5 9. b4 Be7 10. Be3 Qc7 11. b5 Na5 12. Qa4 b6 13. Nd4 Qxe5 14. Nc6 Nxc6 15.
bxc6 Qc7 16. Ba6 Rd8 17. Bb7 Bc5 18. Bxc5 bxc5 19. Qxa7 Ne7 20. Qxc5 O-O 21.
Na3 Bd3 22. Rfd1 Bc4 23. Nxc4 dxc4 24. Qxc4 Nd5 25. a4 Rb8 26. Qd3 Rfd8 27. Qf3
1-0

[Event "7. Lovsprings EMT Mesterklassen 1995"]
[Site "Ringsted"]
[Date "1995.03.17"]
[Round "2"]
[White "Nielsen, Max"]
[Black "Christensen, Lars (1957)"]
[Result "1/2-1/2"]
[WhiteElo "2143"]
[BlackElo "2059"]
[PlyCount "98"]
[EventDate "1995.??.??"]

1. e4 c5 2. Nf3 d6 3. d4 cxd4 4. Nxd4 Nf6 5. Nc3 g6 6. Be3 Bg7 7. f3 O-O 8. Qd2
Re8 9. Bc4 Nc6 10. O-O-O Ne5 11. Bb3 Bd7 12. h4 h5 13. Bg5 Rc8 14. Kb1 Qa5 15.
g4 Nc4 16. Bxc4 Rxc4 17. Nb3 Qe5 18. f4 Qe6 19. f5 Qe5 20. Bf4 Qxc3 21. bxc3
Nxe4 22. Qh2 Nxc3+ 23. Kc1 Rxf4 24. Rd3 Rxg4 25. fxg6 fxg6 26. Qd2 Nxa2+ 27.
Kb1 Nb4 28. Rd4 Bxd4 29. Nxd4 Nc6 30. Nf3 Bf5 31. Qh6 Nd4 32. Ng5 Rxg5 33. Qxg5
Kg7 34. Kb2 Nxc2 35. Rc1 Nd4 36. Rc7 Kf7 37. Rxb7 Ne6 38. Qe3 a5 39. Qd2 Nc5
40. Rb5 a4 41. Qd5+ Be6 42. Qf3+ Kg7 43. Qe3 Bb3 44. Rb6 Bf7 45. Ka3 Nd7 46.
Rb7 Ne5 47. Qg5 Nf3 48. Qf4 Bd5 49. Ra7 Ne5 1/2-1/2

[Event "7. Lovsprings EMT Mesterklassen 1995"]
[Site "Ringsted"]
[Date "1995.03.17"]
[Round "2"]
[White "Nielsen, Per Henrik Axel"]
[Black "Buhl, Poul"]
[Result "0-1"]
[WhiteElo "1927"]
[BlackElo "1987"]
[PlyCount "152"]
[EventDate "1995.??.??"]

1. d4 Nf6 2. Nf3 g6 3. c4 Bg7 4. Nc3 O-O 5. e4 d6 6. Be2 e5 7. dxe5 dxe5 8.
Qxd8 Rxd8 9. Nd5 Nxd5 10. cxd5 c6 11. Bc4 h6 12. h3 b5 13. Bb3 Bb7 14. O-O Na6
15. dxc6 Bxc6 16. Re1 Nc5 17. Bc2 Nd3 18. Re3 Nb4 19. Bb3 a5 20. Bd2 Nd3 21.
Rb1 Nc5 22. Bc2 b4 23. Rc1 Bb7 24. a3 bxa3 25. bxa3 Ne6 26. Rb3 Bc6 27. Rb6 Be8
28. Be3 Rac8 29. Rbb1 Nd4 30. Bxd4 exd4 31. Bd3 Rc3 32. Rxc3 dxc3 33. Bc2 Bf8
34. a4 Bb4 35. Rd1 Rc8 36. Ne1 Be7 37. Kh1 Rc4 38. Ra1 Bc6 39. f3 Rd4 40. Nd3
Bb7 41. Kg1 Ba6 42. Rd1 Kg7 43. g3 Bc4 44. Kg2 Be6 45. Nf4 Rb4 46. Nxe6+ fxe6
47. Re1 Rb2 48. Re2 e5 49. f4 Kf6 50. Kf3 Bc5 51. Rg2 Ra2 52. Re2 Ra1 53. Kg2
Rg1+ 54. Kh2 h5 55. Rg2 Re1 56. f5 g5 57. Bd3 Rd1 58. Bc2 Rc1 59. Bd3 Bd4 60.
Rc2 Ra1 61. Bb5 Re1 62. Bd3 Re3 63. Be2 Rxe4 64. Bxh5 Kxf5 65. Bg4+ Kf6 66. Bf3
Re1 67. h4 e4 68. Bg4 gxh4 69. gxh4 Ra1 70. Bd7 Rd1 71. Bb5 e3 72. Bc4 Ra1 73.
Bb5 Rb1 74. Kg2 Rb2 75. Bd3 Rxc2+ 76. Bxc2 e2 0-1

[Event "7. Lovsprings EMT Mesterklassen 1995"]
[Site "Ringsted"]
[Date "1995.03.17"]
[Round "2"]
[White "Pedersen, Henrik Dahl"]
[Black "Arnkilde, Anders"]
[Result "1-0"]
[WhiteElo "1918"]
[BlackElo "1996"]
[PlyCount "133"]
[EventDate "1995.??.??"]

1. c4 Nf6 2. Nc3 g6 3. g3 Bg7 4. Bg2 O-O 5. d4 c6 6. b3 d5 7. Bb2 b6 8. Nh3 Bb7
9. O-O Nbd7 10. Nf4 e6 11. e3 Rc8 12. Re1 Re8 13. Rc1 Ba6 14. Nd3 Bf8 15. Nb1
Ne4 16. Nd2 Nxd2 17. Qxd2 Nf6 18. Nb4 Bb7 19. Ba3 Ne4 20. Qb2 Bg7 21. Qb1 c5
22. dxc5 bxc5 23. Nd3 Ba8 24. cxd5 Qa5 25. Bxe4 Qxa3 26. d6 Red8 27. Bxa8 Rxa8
28. Rc4 Qa5 29. Nxc5 Qb6 30. Re4 Qxd6 31. Nb7 Qd2 32. Rc1 Rf8 33. a4 Rab8 34.
b4 Qd7 35. Nc5 Qd2 36. Qc2 Qd6 37. Rd1 Qe7 38. Nd7 Rxb4 39. Rxb4 Qxb4 40. Nxf8
Bxf8 41. Rb1 Qa3 42. Qe4 a5 43. Rb7 Bb4 44. Qc6 Kg7 45. Qf3 Be7 46. Ra7 Qc3 47.
Qb7 Kf6 48. Qc7 Qb4 49. Qf4+ Qxf4 50. gxf4 Bb4 51. h3 h6 52. Kg2 g5 53. fxg5+
hxg5 54. Kf3 Kg6 55. Ra6 Kf5 56. Rb6 Bc3 57. e4+ Ke5 58. Rb5+ Kf6 59. Kg4 Bd2
60. Kh5 e5 61. Rb6+ Ke7 62. Kg4 Be1 63. f3 f6 64. Kf5 Bh4 65. Ra6 Be1 66. Rxf6
Bd2 67. Re6+ 1-0

[Event "7. Lovsprings EMT Mesterklassen 1995"]
[Site "Ringsted"]
[Date "1995.03.17"]
[Round "2"]
[White "Preuss, Flemming"]
[Black "Madsen, Hans Henrik"]
[Result "1-0"]
[WhiteElo "2044"]
[BlackElo "2079"]
[PlyCount "119"]
[EventDate "1995.??.??"]

1. f4 d6 2. Nf3 Bg4 3. e4 e5 4. h3 Bxf3 5. Qxf3 Nc6 6. Bb5 Qh4+ 7. g3 Qf6 8.
Nc3 O-O-O 9. Nd5 Qe6 10. f5 Qd7 11. O-O a6 12. a4 axb5 13. axb5 Nf6 14. Qc3
Nxd5 15. exd5 Nb8 16. Qc4 Be7 17. Rf3 Bf6 18. Ra8 e4 19. Rfa3 Qxf5 20. b6 Kd7
21. bxc7 Rc8 22. cxb8=Q Rxb8 23. Qb5+ Ke7 24. R8a4 Rhe8 25. g4 Qg6 26. Qb6 Kf8
27. Qxd6+ Kg8 28. Qf4 Be5 29. Qf5 Qb6+ 30. Kg2 g6 31. Qf2 Qd6 32. Rxe4 Qxd5 33.
Qf3 Re6 34. Rae3 Rbe8 35. d3 Bc7 36. Rxe6 Qxf3+ 37. Kxf3 fxe6 38. Re4 Rf8+ 39.
Ke2 Bg3 40. Be3 e5 41. Rb4 Rf7 42. c4 Kf8 43. Rb6 Ke8 44. b4 Kd8 45. Bg5+ Kc7
46. Rf6 Rxf6 47. Bxf6 Kd6 48. Ke3 Be1 49. Ke4 Bc3 50. Bg7 Ke6 51. Bf8 Bd4 52.
c5 h5 53. Bh6 Bc3 54. b5 Bd4 55. Bf8 hxg4 56. hxg4 Kf7 57. c6 bxc6 58. bxc6 Ke6
59. c7 Kd7 60. Bd6 1-0

[Event "7. Lovsprings EMT Mesterklassen 1995"]
[Site "Ringsted"]
[Date "1995.03.24"]
[Round "3"]
[White "Buhl, Poul"]
[Black "Hald, Jens Erik"]
[Result "0-1"]
[WhiteElo "1987"]
[BlackElo "2068"]
[PlyCount "118"]
[EventDate "1995.??.??"]

1. d4 g6 2. g3 Bg7 3. Bg2 Nf6 4. Nf3 d6 5. O-O O-O 6. c4 c6 7. Nc3 Qa5 8. e4
Bg4 9. h3 Bxf3 10. Bxf3 Nfd7 11. Be3 a6 12. a3 c5 13. Nd5 Qd8 14. Rb1 e6 15.
Nc3 Nc6 16. d5 Nd4 17. Bg2 e5 18. Ne2 f5 19. f3 Nxe2+ 20. Qxe2 f4 21. Bf2 fxg3
22. Bxg3 Bh6 23. Qe1 Bf4 24. Bf2 a5 25. h4 Re8 26. Bh3 Nf8 27. Kg2 b6 28. Rh1
Qf6 29. Kf1 Re7 30. Ke2 a4 31. Bg3 Rb7 32. Bxf4 Qxf4 33. Qd2 b5 34. Qxf4 exf4
35. Kd3 Rab8 36. cxb5 Rxb5 37. Kc2 Rb3 38. Rhf1 Kg7 39. Rf2 Kf6 40. Bf1 Nd7 41.
Bc4 Re3 42. Be2 Ne5 43. Rd1 Rbb3 44. Rdf1 c4 45. h5 g5 46. h6 c3 47. Rb1 Kg6
48. Rg2 cxb2 49. Rxb2 Kxh6 50. Ba6 Nxf3 51. Rxb3 Rxb3 52. Kc1 Kg6 53. Rc2 Ne5
54. Bc8 g4 55. Bf5+ Kg5 56. Rc7 f3 57. Rxh7 f2 58. Rh1 Kf4 59. Kc2 Rg3 0-1

[Event "7. Lovsprings EMT Mesterklassen 1995"]
[Site "Ringsted"]
[Date "1995.03.24"]
[Round "3"]
[White "Christensen, Lars (1957)"]
[Black "Preuss, Flemming"]
[Result "0-1"]
[WhiteElo "2059"]
[BlackElo "2044"]
[PlyCount "51"]
[EventDate "1995.??.??"]

1. e4 c5 2. c3 Nf6 3. e5 Nd5 4. Nf3 Nc6 5. d4 cxd4 6. Bc4 Nb6 7. Bb3 d5 8. exd6
Qxd6 9. O-O Be6 10. Bxe6 Qxe6 11. Nxd4 Nxd4 12. Qxd4 Rd8 13. Qc5 Qe2 14. Na3
Rd5 15. Qe3 Qh5 16. Qg3 e5 17. c4 Rd7 18. Re1 f6 19. f4 Bb4 20. Rf1 O-O 21.
fxe5 fxe5 22. Rxf8+ Kxf8 23. h3 Rd1+ 24. Kh2 Bc5 25. h4 Qf5 26. Qf3 0-1

[Event "7. Lovsprings EMT Mesterklassen 1995"]
[Site "Ringsted"]
[Date "1995.03.24"]
[Round "3"]
[White "Lynge, Michael"]
[Black "Arnkilde, Anders"]
[Result "1/2-1/2"]
[WhiteElo "2095"]
[BlackElo "1996"]
[PlyCount "86"]
[EventDate "1995.??.??"]

1. Nf3 d5 2. g3 Nf6 3. Bg2 c6 4. d4 Bf5 5. O-O h6 6. c4 e6 7. b3 Nbd7 8. Bb2
Bd6 9. Nbd2 O-O 10. Re1 Qb8 11. Rc1 Re8 12. a3 a5 13. Nf1 Be4 14. N1d2 Bh7 15.
Nb1 Ne4 16. Nfd2 e5 17. cxd5 cxd5 18. Nxe4 Bxe4 19. Nc3 exd4 20. Nxe4 dxe4 21.
Qxd4 Nf6 22. Qb6 Ra6 23. Qb5 Be5 24. Bxe5 Rxe5 25. Rc5 Rxc5 26. Qxc5 Qd8 27.
Qc3 Rc6 28. Qb2 Rd6 29. Bh3 h5 30. b4 axb4 31. Qxb4 b6 32. Qb3 Qc7 33. Qb2 Rc6
34. Kg2 Rc2 35. Qb5 Rc5 36. Qb3 Rc3 37. Qa4 g6 38. Qa8+ Kg7 39. Rd1 Qc5 40. a4
Ra3 41. Qb7 Qc4 42. e3 Qe2 43. Rf1 Rxa4 1/2-1/2

[Event "7. Lovsprings EMT Mesterklassen 1995"]
[Site "Ringsted"]
[Date "1995.03.24"]
[Round "3"]
[White "Madsen, Morten"]
[Black "Nielsen, Max"]
[Result "1/2-1/2"]
[WhiteElo "1919"]
[BlackElo "2143"]
[PlyCount "46"]
[EventDate "1995.??.??"]

1. d4 Nf6 2. c4 g6 3. Nc3 Bg7 4. e4 d6 5. Be2 O-O 6. g4 c5 7. d5 e6 8. h4 exd5
9. cxd5 Re8 10. f3 a6 11. a4 h5 12. Bg5 hxg4 13. h5 Qa5 14. hxg6 fxg6 15. Qd2
Nh7 16. Ra3 Nd7 17. Kd1 Qb4 18. Kc2 Qd4 19. Qc1 Nxg5 20. Qxg5 Qf6 21. Qxg4 Ne5
22. Qg3 Rf8 23. Rh4 Bd7 1/2-1/2

[Event "7. Lovsprings EMT Mesterklassen 1995"]
[Site "Ringsted"]
[Date "1995.03.24"]
[Round "3"]
[White "Nordenbaek, Jan"]
[Black "Pedersen, Henrik Dahl"]
[Result "1-0"]
[WhiteElo "2203"]
[BlackElo "1918"]
[PlyCount "39"]
[EventDate "1995.??.??"]

1. e4 e5 2. Nf3 Nc6 3. Nc3 Nf6 4. Bb5 Bc5 5. Nxe5 Nxe5 6. d4 c6 7. dxe5 Nxe4 8.
Nxe4 Qa5+ 9. Bd2 Qxb5 10. a4 Qc4 11. Nxc5 Qxc5 12. O-O O-O 13. Bc3 d5 14. exd6
Bf5 15. Re1 Rfe8 16. Qh5 b6 17. Qg5 Rxe1+ 18. Rxe1 Bg6 19. Qxc5 bxc5 20. d7 1-0

[Event "7. Lovsprings EMT Mesterklassen 1995"]
[Site "Ringsted"]
[Date "1995.03.24"]
[Round "3"]
[White "Pedersen, Hans Dahl"]
[Black "Nielsen, Per Henrik Axel"]
[Result "1/2-1/2"]
[WhiteElo "2165"]
[BlackElo "1927"]
[PlyCount "181"]
[EventDate "1995.??.??"]

1. Nf3 Nf6 2. g3 d5 3. Bg2 g6 4. b4 Bg7 5. Bb2 O-O 6. O-O Nbd7 7. d3 a5 8. a3
axb4 9. axb4 Rxa1 10. Bxa1 Re8 11. Nbd2 e5 12. e4 d4 13. Nc4 b5 14. Na3 c6 15.
c3 dxc3 16. Bxc3 Bf8 17. Qa1 Bd6 18. Re1 Qc7 19. Qb2 Nb6 20. Qb1 Bg4 21. Nh4
Na4 22. Bd2 Qd7 23. Rc1 Bb8 24. Qc2 Rc8 25. Nf3 c5 26. h3 Be6 27. Ng5 cxb4 28.
Qxc8+ Qxc8 29. Rxc8+ Bxc8 30. Bxb4 Bd7 31. Nf3 Ne8 32. d4 f6 33. Bf1 Bd6 34.
Bxd6 Nxd6 35. dxe5 Nxe4 36. Nxb5 fxe5 37. Nxe5 Be6 38. Nd4 Ba2 39. Nec6 Kg7 40.
Nb4 Bf7 41. Bb5 Nac5 42. Bc6 Nd6 43. Nd5 Nde4 44. Nf4 Nd6 45. Kg2 Nde4 46.
Nde6+ Nxe6 47. Nxe6+ Bxe6 48. Bxe4 h6 49. h4 g5 50. Kf3 Kf6 51. Bc6 Bc8 52. Be8
Be6 53. Bh5 Bd7 54. Bg4 Bc6+ 55. Ke3 Bb7 56. Kd4 Bc6 57. Kc5 Ba4 58. Kd6 Bb5
59. Bf3 Ba4 60. Bc6 Bb3 61. Bd7 Bc4 62. Ba4 Ba2 63. Bd7 Bb3 64. Bc8 Ba4 65. Kd5
Bb3+ 66. Ke4 Bc2+ 67. Kf3 Bd1+ 68. Kg2 Bb3 69. Kh3 Bd1 70. Bb7 Bh5 71. Be4 Bf7
72. Kg4 Be8 73. Bd5 Bg6 74. Bc6 Bf7 75. Kf3 Bh5+ 76. Ke4 Bg6+ 77. Kd5 Bf7+ 78.
Kd6 Bb3 79. Be8 Bc4 80. Kc5 Bb3 81. Kd4 Be6 82. f3 Bc8 83. Bh5 Be6 84. Bg4 Ba2
85. Bd7 Bf7 86. Ke3 Bg6 87. f4 gxf4+ 88. Kxf4 Bf7 89. g4 Kg7 90. Ke5 Bb3 91.
Bb5 1/2-1/2

[Event "7. Lovsprings EMT Mesterklassen 1995"]
[Site "Ringsted"]
[Date "1995.03.24"]
[Round "3"]
[White "Rasmussen, Per Arnt"]
[Black "Madsen, Hans Henrik"]
[Result "0-1"]
[WhiteElo "2014"]
[BlackElo "2079"]
[PlyCount "68"]
[EventDate "1995.??.??"]

1. e4 c6 2. d4 Na6 3. Nc3 Nc7 4. Bd3 d5 5. e5 g6 6. Nce2 h5 7. h4 Bh6 8. c3
Bxc1 9. Qxc1 Nh6 10. Nf4 Bf5 11. Be2 Ne6 12. Nxe6 Bxe6 13. Nh3 Bxh3 14. Rxh3 e6
15. Qf4 Nf5 16. O-O-O Qa5 17. Kb1 O-O-O 18. Bd3 c5 19. Bxf5 gxf5 20. Rg3 Rdg8
21. Rxg8+ Rxg8 22. Qh6 cxd4 23. cxd4 Kb8 24. Qxh5 Rc8 25. Qxf7 Qa4 26. b3 Qc6
27. Qh5 Qc2+ 28. Ka1 a5 29. Rh1 Qc3+ 30. Kb1 Qd3+ 31. Kb2 Rc2+ 32. Ka3 Qd2 33.
Qe8+ Ka7 34. Ka4 Qb4# 0-1

[Event "7. Lovsprings EMT Mesterklassen 1995"]
[Site "Ringsted"]
[Date "1995.03.31"]
[Round "4"]
[White "Hald, Jens Erik"]
[Black "Preuss, Flemming"]
[Result "1-0"]
[WhiteElo "2068"]
[BlackElo "2044"]
[PlyCount "123"]
[EventDate "1995.??.??"]

1. e4 e5 2. d4 d6 3. dxe5 dxe5 4. Qxd8+ Kxd8 5. Bc4 f6 6. Nc3 c6 7. f4 Nd7 8.
Nf3 Kc7 9. fxe5 Nxe5 10. Nxe5 fxe5 11. Bg5 Nf6 12. Rf1 Be7 13. h3 Rf8 14. a3
Bd7 15. Bd3 Bc5 16. Ne2 Nh5 17. O-O-O h6 18. Bd2 g5 19. b4 Bd6 20. Bc3 Nf4 21.
Nxf4 gxf4 22. Be2 Rae8 23. Rd2 Rf6 24. Rfd1 Re7 25. Bh5 Be8 26. Bf3 b6 27. Rd3
Bf7 28. Be1 Rd7 29. Bh4 Rg6 30. Bh5 Rg7 31. Bg4 Bc4 32. R3d2 Rxg4 33. hxg4 Be6
34. g5 Bg4 35. Rf1 h5 36. Kb2 Rg7 37. Kc3 Rg6 38. Kb2 Rg8 39. c3 Rg6 40. Kc2
Be7 41. c4 Bxg5 42. Bxg5 Rxg5 43. Rff2 Rg7 44. c5 Rf7 45. Rd6 Rg7 46. Rh6 Rf7
47. Rd6 Rf8 48. Kd2 bxc5 49. bxc5 Rb8 50. Kc3 Rb1 51. Rh6 Rc1+ 52. Rc2 Re1 53.
Rh7+ Kc8 54. Rd2 Rxe4 55. Rd6 Re1 56. Rxc6+ Kb8 57. Rcc7 Rc1+ 58. Kb2 Rd1 59.
Rb7+ Kc8 60. Rxa7 Kb8 61. Rhb7+ Kc8 62. c6 1-0

[Event "7. Lovsprings EMT Mesterklassen 1995"]
[Site "Ringsted"]
[Date "1995.03.31"]
[Round "4"]
[White "Lynge, Michael"]
[Black "Nordenbaek, Jan"]
[Result "1/2-1/2"]
[WhiteElo "2095"]
[BlackElo "2203"]
[PlyCount "76"]
[EventDate "1995.??.??"]

1. d4 Nf6 2. c4 g6 3. g3 Bg7 4. Bg2 O-O 5. Nc3 d6 6. Nf3 Nbd7 7. O-O e5 8. d5
h6 9. Qc2 a5 10. b3 Nc5 11. Nd2 Nh5 12. e4 f5 13. f3 Nf6 14. Bb2 Bd7 15. a3 Na6
16. Rab1 h5 17. Rf2 Bh6 18. Nf1 f4 19. Bc1 g5 20. b4 Rf7 21. h3 Rh7 22. g4 hxg4
23. hxg4 Bf8 24. Bd2 axb4 25. axb4 Qe8 26. Na2 b5 27. cxb5 Bxb5 28. Nc3 Bd7 29.
Nd1 Ba4 30. Qc1 Qb8 31. Nb2 Bb5 32. Nc4 Qa7 33. Be1 Nd7 34. Nfd2 Qd4 35. Bf1
Qa7 36. Kg2 Qb8 37. Na5 Bxf1+ 38. Nxf1 Qb5 1/2-1/2

[Event "7. Lovsprings EMT Mesterklassen 1995"]
[Site "Ringsted"]
[Date "1995.03.31"]
[Round "4"]
[White "Madsen, Hans Henrik"]
[Black "Madsen, Morten"]
[Result "1-0"]
[WhiteElo "2079"]
[BlackElo "1919"]
[PlyCount "53"]
[EventDate "1995.??.??"]

1. c4 c5 2. Nc3 Nc6 3. g3 Nf6 4. Nf3 g6 5. Bg2 Bg7 6. d4 cxd4 7. Nxd4 Qb6 8.
Nb3 Qb4 9. Nd2 d6 10. a3 Qb6 11. O-O O-O 12. b3 Bf5 13. Bb2 Rac8 14. h3 h5 15.
e4 Bd7 16. Rb1 Ne5 17. Qe2 Bh6 18. Ba1 Bxd2 19. Qxd2 Bxh3 20. Nd5 Nxd5 21. Bxe5
Bxg2 22. Bd4 Qa6 23. exd5 Be4 24. Rfe1 Bf5 25. Qh6 e5 26. dxe6 f6 27. e7 1-0

[Event "7. Lovsprings EMT Mesterklassen 1995"]
[Site "Ringsted"]
[Date "1995.03.31"]
[Round "4"]
[White "Nielsen, Max"]
[Black "Pedersen, Henrik Dahl"]
[Result "0-1"]
[WhiteElo "2143"]
[BlackElo "1918"]
[PlyCount "78"]
[EventDate "1995.??.??"]

1. e4 e5 2. f4 exf4 3. Nf3 d6 4. Bc4 h6 5. d3 g5 6. g3 Bg7 7. gxf4 g4 8. Ng1
Qh4+ 9. Kf1 Ne7 10. Kg2 Rg8 11. c3 Nd7 12. Be3 Qh5 13. Bb3 b6 14. Qd2 Bb7 15.
Kf1 d5 16. Qg2 dxe4 17. dxe4 O-O-O 18. Ne2 Nf5 19. Bf2 Nf6 20. Ng3 Nxg3+ 21.
hxg3 Qb5+ 22. c4 Qc6 23. Nc3 Nxe4 24. Nd5 Rge8 25. Rd1 Ba6 26. Kg1 Bxc4 27. Rc1
Rxd5 28. Rxc4 Rd1+ 29. Bxd1 Qxc4 30. Bxg4+ Kb8 31. b3 Qc2 32. Bf5 Qd1+ 33. Qf1
Nxf2 34. Kxf2 Qd2+ 35. Kf3 Qd5+ 36. Kg4 Rg8 37. Qb1 Qg2 38. Rh3 Qe2+ 39. Kh4
Bf6# 0-1